000
00319nam a22001457a 4500
008
230707b ||||| |||| 00| 0 eng d
020
_a
9780131175777
041
_a
eng
080
_a
34
082
_a
34TAY
100
_a
32
101
_a
JURE
245
_a
JUMP STARTING YOUR CAREER
_c
TAYLOR .L .D
942
_2
udc
_c
BK
999
_c
60134
_d
60134